| 000 | 01118aaa a2200289 a 4500 | ||
|---|---|---|---|
| 003 | BLK | ||
| 005 | 20240730142553.0 | ||
| 007 | ta | ||
| 008 | 221104b bu |||||r|||| 00| | bu d | ||
| 040 | _aBLK | ||
| 041 |
_aBUL _cBUL |
||
| 080 |
_aАрхитекти _b72.071.1 _z72.071.1 (092) _x(092) |
||
| 080 |
_b929 Фичев, Никола Иванович _z929 Фичев, Никола Иванович |
||
| 100 | 1 |
_931220 _aАнастасов, Тодор |
|
| 245 |
_aФичето. В такова време _bСтихотворения _cТодор Анастасов |
||
| 300 | _a№ 219, 18 септ. 1971 | ||
| 600 | 0 |
_9271914 _aФичев, Никола Иванов |
|
| 653 |
_9188887 _aКолю Фичето |
||
| 653 |
_9190329 _aмайстори |
||
| 653 |
_9197601 _aстроители |
||
| 653 |
_9181364 _aархитектура |
||
| 653 |
_9197633 _aстроителство |
||
| 773 | 0 |
_tНАРОДНА МЛАДЕЖ _dЦК на ДКМС 1944 _x0205-1117 _w292291 _i. // |
|
| 856 |
_i0.00 _ldisable |
||
| 942 |
_2udc _cSTA _n0 |
||
| 944 |
_cВася Ганчева _k30549 _lВася Ганчева _a30549 |
||
| 999 |
_c514274 _d514274 |
||